Movies Quiz

Random Movies or Actress Quiz

Actors Lost in Their Roles II Quiz Stats

Quiz Updated Apr 13, 2013

Challenge
Share
Tweet
Embed
Score 0/22 Timer 06:00
1 Play Today
First Names Actor % Correct
Bobby, Lex, Kevin, Verbal, Lester, Prot, Eugene???
87.4%
Anne, Evey, Sam, Nina, Jane, Padmé, Natalie???
86.6%
Michael, Alfred, Nigel, Charlie, Elliot, Alfie, Jasper???
80.5%
Rusty, Brad, Joe, Tyler, Mickey, Benjamin, Achilles???
79.6%
Dorothy, Irene, Renée, Bridget, Roxie, Ruby, Mae???
76.8%
Conan, Dutch, Arnold, Harry, John, Julius, Trench???
72.1%
Gerry, Christy, Abraham, Bill, Nathaniel, Tomas, Daniel???
70.1%
Grace, Emma, Gwen, Skeeter, Jules, Olive, Wichita???
69.8%
Buddy, Ron, Ricky, Will, Chazz, Cam, Franz???
69.1%
Jules, Zeus, Nick, Samuel, Mace, Elijah, Lucius???
67.9%
Virginia, Ada, Margot, Satine, Grace, Nicole, Norma???
66.2%
First Names Actor % Correct
Lester, Brandt, Freddie, Philip, Truman, Gust, Art???
63.4%
Will, Matt, Linus, Jason, Colin, Wilhelm, Tom???
60.9%
Peter, Fletcher, Philip, Clark, Victor, Jack, Rhett???
58.9%
Maggie, Amelia, Erin, Madeleine, Holly, Brandon, Hilary???
58%
Vicki, Evelyn, Diana, Faye, Bonnie, Joan, Susan???
57.3%
Bacon, Turkish, Frank, Jason, Rob, Lee, Chev???
53.6%
Loretta, Ginger, Pinky, Sissy, Nita, Margie, Carrie???
52.6%
George, Everett, Danny, Michael, Bruce, Bob, Ryan???
52%
Susan, Helen, Louise, Reggie, Annie, Janet, Liz???
48.9%
Jake, Jack, Donnie, Homer, Dastan, Anthony, Brian???
42.7%
Martin, Rob, Lloyd, Lane, John, Vince, Igor???
25.9%

You're not logged in!

Compare scores with friends on all Sporcle quizzes.
Join for Free
OR
Log In

You Might Also Like...

Show Comments

Extras

Top Quizzes Today


Score Distribution

Your Account Isn't Verified!

In order to create a playlist on Sporcle, you need to verify the email address you used during registration. Go to your Sporcle Settings to finish the process.

Report this User

Report this user for behavior that violates our Community Guidelines.

Details: